Leçons de Thermodynamique / (Record no. 121495)

MARC details
000 -LEADER
campo de control de longitud fija 00819nam a2200205 4500
001 - NÚMERO DE CONTROL
campo de control 121495
003 - IDENTIFICADOR DE NÚMERO DE CONTROL
campo de control ES-MaACL
005 - FECHA Y HORA DE LA ÚLTIMA TRANSACCIÓN
campo de control 20230906191747.0
007 - CAMPO FIJO DE DESCRIPCIÓN FÍSICA--INFORMACIÓN GENERAL
campo de control de longitud fija t|
008 - DATOS DE LONGITUD FIJA--INFORMACIÓN GENERAL
campo de control de longitud fija 070214s1913 fr r ||||1| fre d
100 1# - ENTRADA PRINCIPAL--NOMBRE DE PERSONA
Nombre de persona Planck, Max.
9 (RLIN) 92540
245 10 - MENCIÓN DEL TÍTULO
Título Leçons de Thermodynamique /
Mención de responsabilidad, etc. par le Dr. Max Planck ; avec une conference du même auteur á la Société Chimique de Berlin sur le Théorème de Nernst et l'hypothèse des quanta ; ouvrage traduit sur le troisième edition allemande (augmentee) par R. Chevasus.
260 ## - PUBLICACIÓN, DISTRIBUCIÓN, ETC.
Lugar de publicación, distribución, etc. Paris :
Nombre del editor, distribuidor, etc. A. Hermann et Fils,
Fecha de publicación, distribución, etc. 1913.
300 ## - DESCRIPCIÓN FÍSICA
Extensión 310 p. ;
Dimensiones 25 cm.
700 1# - ENTRADA AGREGADA--NOMBRE PERSONAL
Nombre de persona Chevasus, R.
9 (RLIN) 38429
710 2# - ENTRADA AGREGADA--NOMBRE DE ENTIDAD CORPORATIVA
Nombre de entidad corporativa o nombre de jurisdicción como elemento de entrada Société Chimique de Berlin.
9 (RLIN) 6832
740 0# - ENTRADA AGREGADA--TÍTULO RELACIONADO/ANALÍTICO NO CONTROLADO
Título relacionado o analítico no controlado Le Théorème de Nernst et l'hypothèse des quanta.
852 ## - LOCALIZACIÓN
Ubicación ES-MaACL
Número de control de estantería F-311
852 ## - LOCALIZACIÓN
Ubicación ES-MaACL
Número de control de estantería G-5719
Holdings
Estatus retirado Estado de pérdida Estado de daño No para préstamo Biblioteca de origen Biblioteca actual Ubicación en estantería Fecha de adquisición Fuente de adquisición Total de préstamos Signatura topográfica completa Código de barras Visto por última vez Precio de reemplazo Tipo de ítem Koha
        Biblioteca del Ateneo de Madrid Biblioteca del Ateneo de Madrid Depósito 2 17/01/2008     F-311 1126617 23/02/2023 23/02/2023 Libro impreso
        Biblioteca del Ateneo de Madrid Biblioteca del Ateneo de Madrid Depósito 2 17/01/2008     G-5719 1126618 23/02/2023 23/02/2023 Libro impreso